000 00768nam a2200277Ia 4500
005 20260324114504.0
008 008 260324s9999 xx 000 0 eng d
020 _a9781003132110
037 _aEBOOK
040 _aCRL
040 _beng
040 _cCRL
041 _2eng
041 _aeng
084 _qCRL
100 _aAbhishek Kumar; Ashutosh Kumar Dubey; Sreenatha G. Anavatti; Pramod Singh Rathore
_91150976
245 0 _aMachine Learning Approaches and Applications in Applied Intelligence for Healthcare Data Analytics
260 _bTaylor and Francis
260 _c2022
365 _a
365 _b305
856 _uhttp://www.taylorfrancis.com/books/9781003132110
942 _cEBOOK
999 _c1741188
_d1741188